000
00345 a2200157 4500
001
72010
020
_a
8534304378
040
_c
Anchieta - Colégio São Paulo
100
_a
Rennó, Regina
240
1
0
_a
Amor de ganso
_l
por
245
1
0
_a
Amor de ganso
300
_a
22
362
0
_a
1995
650
4
_a
Literatura infanto-juvenil
942
_c
BK
999
_c
72010
_d
72010